Statistics for Premier League Player Of The Season

Click here to take the quiz!

General Stats

  • This quiz has been taken 34 times
  • The average score is 13 of 24

Answer Stats

SeasonAnswer% Correct
2017-18Mohamed Salah
88%
2003-04 | 2005-06Thierry Henry
88%
2006-07 | 2007-08Cristiano Ronaldo
84%
2004-05Frank Lampard
81%
2009-10Wayne Rooney
81%
2014-15Eden Hazard
81%
2015-16Jamie Vardy
78%
1994-95Alan Shearer
72%
2013-14Luis Suarez
63%
2002-03Ruud Van Nistelrooy
63%
1997-98Michael Owen
63%
2016-17N Golo Kante
56%
2011-12Vincent Kompany
41%
1998-99Dwight Yorke
38%
2012-13Gareth Bale
28%
2000-01Patrick Vieira
28%
1995-96Peter Schmeichel
28%
2008-09 | 2010-11Nemanja Vidic
25%
1999-00Kevin Phillips
9%
2001-02Fredrik Ljungberg
6%
1996-97Juninho
0%

Score Distribution

Percentile by Number Answered

Percent of People with Each Score

Your Score History

You have not taken this quiz